000 00568nam a2200229Ia 4500
003 0100
008 130227s9999 xx 000 0 und d
020 _a9956579998
040 _cARRUPELIB
050 _aHN780.Z9T189 2011
100 _aTarimo, Aquiline
245 _aEthnicity, citizenship & state in Eastern Africa
260 _aMankon
260 _bLangaa Research & Publishing
260 _C2011
300 _aiii
300 _b 150p 22cm
650 _bTranscedental logic
650 _cOntology
650 _dKnowledge, Theory of
942 _2lcc
_010
999 _c5149
_d5149